| Tag |
First Indicator |
Second Indicator |
Subfields |
| LEADER |
00000cam a2200000 4500 |
| 001 |
in00000065967 |
| 005 |
20151008051233.0 |
| 008 |
721201s1961 enk b 00000 eng u |
| 010 |
|
|
|a 61018186
|
| 035 |
|
|
|a (OCoLC)00505562
|
| 035 |
|
|
|9 AAG6669AM
|
| 040 |
|
|
|c WSU
|d TXA
|d UtOrBLW
|
| 049 |
|
|
|a TXAM
|c [403800]
|
| 050 |
|
0 |
|a JX3195.W7
|b R6
|
| 092 |
|
|
|a 341
|b W952r
|
| 100 |
1 |
|
|a Wright, Quincy,
|d 1890-1970.
|
| 245 |
1 |
4 |
|a The role of international law in the elimination of war.
|
| 264 |
|
1 |
|a [Manchester, England] :
|b Manchester University Press;
|a [New York] :
|b Oceana Publications,
|c 1961.
|
| 300 |
|
|
|a 119 pages
|
| 336 |
|
|
|a text
|b txt
|2 rdacontent
|
| 337 |
|
|
|a unmediated
|b n
|2 rdamedia
|
| 338 |
|
|
|a volume
|b nc
|2 rdacarrier
|
| 504 |
|
|
|a Bibliographical footnotes.
|
| 650 |
|
0 |
|a International law.
|
| 999 |
|
|
|a MARS
|
| 999 |
f |
f |
|s 645150b8-8666-38f6-82d3-01c1dcb38f61
|i 8c58f2d8-b742-3f60-88ff-867df7ace09d
|t 0
|
| 952 |
f |
f |
|p ric
|a Texas A&M University
|b Rellis Campus
|c Joint Library Facility
|d Remote Storage
|t 0
|e JX3195.W7 R6
|h Library of Congress classification
|i unmediated -- volume
|m A14800781831
|
| 998 |
f |
f |
|a JX3195.W7 R6
|t 0
|l Remote Storage
|